[Event "ch-CHN w 2017"]
[Site "Xinghua CHN"]
[Date "2017.04.30"]
[Round "7.6"]
[White "Lei Tingjie"]
[Black "Zhai Mo"]
[Result "1-0"]
[WhiteElo "2471"]
[BlackElo "2303"]

1.e4 e5 2.Nf3 Nc6 3.Bb5 a6 4.Ba4 Nf6 5.O-O Be7 6.Re1 b5 7.Bb3 d6 8.c3 O-O 9.h3
Bb7 10.d4 Re8 11.Nbd2 exd4 12.cxd4 Nd7 13.Nf1 Bf6 14.Bf4 Na5 15.Bc2 c5 16.e5
Bxf3 17.Qd3 dxe5 18.dxe5 Nxe5 19.Qxh7+ Kf8 20.Ng3 g6 21.Bxg6 Qd5 22.Nf5 Re6
23.Rxe5 Rxe5 24.Bh6+ Ke8 25.Bxf7+ {#r} 1-0

[Event "ch-CZE 2017"]
[Site "Ostrava CZE"]
[Date "2017.04.30"]
[Round "2.1"]
[White "Jansa,Vl"]
[Black "Navara,D"]
[Result "0-1"]
[WhiteElo "2446"]
[BlackElo "2732"]

1.e4 c5 2.Nf3 d6 3.d4 cxd4 4.Nxd4 Nf6 5.Nc3 g6 6.Be2 Bg7 7.O-O O-O 8.Be3 Nc6
9.Qd2 Bd7 10.Rfd1 Ng4 11.Bxg4 Bxg4 12.f3 Be6 13.Nd5 Rc8 14.Rac1 b5 15.Nxc6
Rxc6 16.Bxa7 Bxb2 17.Rb1 Bxd5 18.exd5 Ra6 19.Rxb2 Rxa7 20.Qe3 Qc7 21.Rd2 Rc8
22.a3 Qc5 23.Qxc5 Rxc5 24.Rb3 Ra4 25.c3 Kg7 26.Kf2 Rac4 27.Rd3 Rh4 28.Rb4 Rxh2
29.Re4 Kf8 30.a4 Rh1 31.axb5 Rxb5 32.Rb4 Rxb4 33.cxb4 Rb1 34.Rd4 Rb2+ 35.Kg3
f5 36.Kh3 g5 37.f4 Rb3+ 38.g3 g4+ 39.Kg2 Kf7 40.Kf2 Rb2+ 41.Ke1 h6 42.Rc4 Rb3
{#R} 0-1

[Event "ch-CZE 2017"]
[Site "Ostrava CZE"]
[Date "2017.04.30"]
[Round "2.7"]
[White "Vykouk,Jan"]
[Black "Krejci,Jan2"]
[Result "0-1"]
[WhiteElo "2424"]
[BlackElo "2520"]

1.e4 e5 2.Nf3 Nc6 3.Bb5 a6 4.Bxc6 dxc6 5.O-O Qf6 6.d4 exd4 7.Bg5 Qd6 8.Qxd4
Qxd4 9.Nxd4 Bd7 10.Nc3 Ne7 11.Rad1 O-O-O 12.Rd2 f6 13.Rfd1 Bg4 14.f3 fxg5
15.fxg4 Ng6 16.Ne6 Rxd2 17.Rxd2 Bb4 18.a3 Bxc3 19.bxc3 Re8 20.Nxg5 h6 21.Nf3
Rxe4 22.g5 Ra4 23.gxh6 gxh6 24.Nd4 Rxa3 25.Ne6 b5 26.Rd8+ Kb7 27.Nc5+ Ka7
28.Rd3 Ne5 29.Rh3 Kb6 30.Ne4 Ra2 31.Kf1 Rxc2 32.Rxh6 a5 33.Re6 Ng4 34.h4 a4
{#R} 0-1

[Event "ch-CZE 2017"]
[Site "Ostrava CZE"]
[Date "2017.04.30"]
[Round "2.8"]
[White "Nguyen,Thai Dai Van"]
[Black "Stocek,J"]
[Result "0-1"]
[WhiteElo "2441"]
[BlackElo "2560"]

1.e4 e5 2.Nf3 Nc6 3.d4 exd4 4.Nxd4 Bb4+ 5.c3 Bc5 6.Be3 Bb6 7.Nf5 g6 8.Bxb6
axb6 9.Ne3 Nf6 10.f3 d5 11.Nxd5 Nxd5 12.exd5 Ne5 13.Bb5+ Bd7 14.Bxd7+ Qxd7
15.Na3 O-O-O 16.c4 Qe7 17.O-O Nxc4 18.Qa4 Nxa3 19.Qa8+ Kd7 20.Qxb7 Qc5+ 21.Kh1
Nb5 22.Rac1 Nd6 23.Qa6 Qa5 {#R} 0-1

[Event "ch-CZE 2017"]
[Site "Ostrava CZE"]
[Date "2017.04.30"]
[Round "2.24"]
[White "Vybiral,Z"]
[Black "Ockay,T"]
[Result "0-1"]
[WhiteElo "2271"]
[BlackElo "2107"]

1.e4 c6 2.c4 d5 3.exd5 cxd5 4.d4 Nf6 5.Nc3 Nc6 6.Bg5 Be6 7.Be2 Qa5 8.Nf3 Ne4
9.O-O Nxc3 10.bxc3 dxc4 11.Rb1 Bd5 12.Rxb7 e6 13.Qb1 Bd6 14.Bh4 h6 15.Bg3 Bxg3
16.hxg3 O-O 17.Rb5 Qa6 18.Rc5 Rab8 19.Qc2 Rb6 20.Nd2 Na5 21.Rb1 Rfb8 22.Rxb6
axb6 23.Rc7 b5 24.Bh5 Rf8 25.Ne4 Qb6 26.Nf6+ gxf6 27.Bxf7+ {#R} 0-1

[Event "ch-CZE 2017"]
[Site "Ostrava CZE"]
[Date "2017.04.30"]
[Round "2.28"]
[White "Solc,Filip"]
[Black "Olsarova,K"]
[Result "0-1"]
[WhiteElo "2005"]
[BlackElo "2245"]

1.e4 e5 2.Nf3 Nc6 3.Bc4 Bc5 4.b4 Bxb4 5.c3 Ba5 6.d4 exd4 7.O-O Nge7 8.cxd4 d5
9.exd5 Nxd5 10.Qe2+ Be6 11.Bb5 O-O 12.Bxc6 bxc6 13.Ne5 Qf6 14.Nxc6 Bb6 15.Nd2
Nf4 16.Qe4 Rfe8 17.Nf3 Bd5 18.Qxf4 Qxc6 19.Ne5 Qb7 20.Be3 c5 21.Nf3 Re4 22.Qg3
cxd4 23.Bh6 f6 24.Rfd1 Qd7 25.Rac1 Rg4 {#R} 0-1

[Event "ch-CRO 2017"]
[Site "Valpovo CRO"]
[Date "2017.04.30"]
[Round "6.2"]
[White "Kovacevic,Bl"]
[Black "Saric,A"]
[Result "0-1"]
[WhiteElo "2483"]
[BlackElo "2544"]

1.Nf3 d5 2.g3 g6 3.c4 c6 4.Qa4 e6 5.d4 Bg7 6.Bg2 Ne7 7.O-O O-O 8.Nbd2 b5
9.cxb5 cxb5 10.Qd1 Nd7 11.Nb3 a5 12.Bf4 a4 13.Nc1 Nc6 14.e3 Ba6 15.Bd6 Re8
16.Nd3 b4 17.Re1 Qb6 18.Bc5 Qb8 19.Rc1 Bxd3 20.Qxd3 Ra5 21.Bf8 Nxd4 22.Bxg7
Nxf3+ 23.Bxf3 Kxg7 24.e4 Ne5 25.Qd4 dxe4 26.Bxe4 Rd8 27.Qe3 a3 28.bxa3 Rxa3
29.Qe2 Rd4 30.Red1 Qd6 31.Rxd4 Qxd4 32.Rb1 h5 33.Bb7 h4 34.gxh4 Rh3 35.Qe4
Nf3+ {#R} 0-1

[Event "ch-LAT 2017"]
[Site "Riga LAT"]
[Date "2017.04.30"]
[Round "1.5"]
[White "Kantans,T"]
[Black "Smilga,K"]
[Result "1-0"]
[WhiteElo "2468"]
[BlackElo "2131"]

1.e4 c5 2.Nf3 e6 3.d4 cxd4 4.Nxd4 a6 5.c4 Nf6 6.Nc3 Qc7 7.a3 d6 8.Be2 b6 9.Be3
Bb7 10.f3 Be7 11.O-O O-O 12.Qd2 Nbd7 13.Rfc1 Rac8 14.a4 Qb8 15.Kh1 Bd8 16.b4
Ne5 17.Qa2 Bc7 18.Rab1 Rfd8 19.Bg1 Qa8 20.a5 bxa5 21.b5 Ned7 22.b6 Bb8 23.Nb3
d5 24.exd5 exd5 25.c5 Be5 26.Na4 Nb8 27.Nxa5 Nc6 28.Nxb7 Qxb7 29.Nb2 Ra8
30.Nd3 Bd4 31.Nb4 Bxg1 32.Kxg1 Nd4 33.Bxa6 Qe7 34.Qd2 Ne6 35.Nc6 Qf8 36.Nxd8
Qxd8 37.c6 Rxa6 38.c7 Qc8 39.b7 {#r} 1-0

[Event "ch-LAT 2017"]
[Site "Riga LAT"]
[Date "2017.04.30"]
[Round "1.7"]
[White "Berzinsh,R"]
[Black "Daudzvardis,J"]
[Result "1-0"]
[WhiteElo "2428"]
[BlackElo "2114"]

1.e4 g6 2.d4 c6 3.Nc3 Bg7 4.Bc4 d5 5.exd5 b5 6.Bb3 b4 7.Na4 cxd5 8.Nf3 e6
9.O-O Ne7 10.a3 bxa3 11.Rxa3 O-O 12.Bf4 Nbc6 13.Re1 Nf5 14.c3 Na5 15.Nc5 Nxb3
16.Qxb3 Nd6 17.Rea1 a6 18.Qb4 Nc4 19.R3a2 a5 20.Qb5 Nd6 21.Qc6 {#r} 1-0

[Event "ch-LAT 2017"]
[Site "Riga LAT"]
[Date "2017.04.30"]
[Round "1.9"]
[White "Sveshnikov,V"]
[Black "Polyakov,Fedor"]
[Result "1-0"]
[WhiteElo "2398"]
[BlackElo "2086"]

1.e4 c5 2.Nf3 Nc6 3.c3 e5 4.Bc4 Be7 5.O-O Nf6 6.d4 O-O 7.d5 Na5 8.Be2 Nxe4
9.Qa4 c4 10.b4 cxb3 11.Qxe4 Qb6 12.Bb2 bxa2 13.Rxa2 d6 14.Qb4 Bd8 15.Nbd2 Qc7
16.Ne4 b6 17.Nxd6 {#r} 1-0

[Event "ch-LAT 2017"]
[Site "Riga LAT"]
[Date "2017.04.30"]
[Round "1.10"]
[White "Pavlovs,S"]
[Black "Bernotas,A"]
[Result "0-1"]
[WhiteElo "2077"]
[BlackElo "2393"]

1.e4 d5 2.exd5 Nf6 3.d4 Nxd5 4.c4 Nb6 5.Nf3 g6 6.h3 Bg7 7.Nc3 O-O 8.Be3 Nc6
9.Qd2 e5 10.d5 Ne7 11.O-O-O Nf5 12.g4 Nxe3 13.Qxe3 Re8 14.Ne4 f5 15.gxf5 gxf5
16.Neg5 e4 17.Nd4 Qf6 18.Rg1 h6 19.Nge6 Bxe6 20.dxe6 c5 21.Rxg7+ Kxg7 22.Nb5
Rad8 23.Qxc5 Na4 24.Qc7+ Kh8 25.Rd7 Rxd7 26.exd7 Rd8 27.Nd4 Kh7 28.c5 Qxd4
29.Qxd8 Qxb2+ 30.Kd1 Nc3+ {#R} 0-1

[Event "ch-LAT 2017"]
[Site "Riga LAT"]
[Date "2017.04.30"]
[Round "1.11"]
[White "Mustaps,M"]
[Black "Beks,Edmunds"]
[Result "1-0"]
[WhiteElo "2302"]
[BlackElo "2058"]

1.e4 e5 2.Nf3 Nf6 3.Nxe5 d6 4.Nf3 Nxe4 5.Nc3 Nxc3 6.dxc3 Be7 7.Bf4 O-O 8.Qd2
Nd7 9.O-O-O Nc5 10.h4 a5 11.Nd4 a4 12.a3 Ne6 13.Bd3 Ra5 14.g4 c6 15.f3 Re8
16.Bg3 Nxd4 17.cxd4 Be6 18.Qf4 d5 19.g5 b5 20.Qc7 Qxc7 21.Bxc7 Ra6 22.Rde1 Bd7
23.f4 Raa8 24.f5 f6 25.Bf4 Kf7 26.g6+ Kg8 27.gxh7+ Kh8 28.h5 Bf8 29.Reg1 c5
30.dxc5 Bxc5 31.Rg3 Bf2 32.Rg2 Be3+ 33.Bxe3 Rxe3 34.Rhg1 Rae8 35.h6 Re1+
36.Rxe1 Rxe1+ 37.Kd2 Re7 38.Rg6 gxh6 39.Rxh6 Rf7 40.Ke3 Rf8 41.Kd4 {#r} 1-0

[Event "ch-LAT 2017"]
[Site "Riga LAT"]
[Date "2017.04.30"]
[Round "1.15"]
[White "Stepins,E"]
[Black "Kolasa,Pjotrs"]
[Result "1-0"]
[WhiteElo "2248"]
[BlackElo "1936"]

1.d4 d5 2.Nf3 Nf6 3.c4 c6 4.g3 e6 5.Bg2 dxc4 6.O-O b5 7.Ne5 Bb7 8.a4 Qc8 9.b3
Nbd7 10.bxc4 Nxe5 11.dxe5 Nd7 12.cxb5 cxb5 13.Bxb7 Qxb7 14.Nc3 Bb4 15.Nxb5 O-O
16.Rb1 a5 17.Ba3 Nxe5 18.Bxb4 axb4 19.Rxb4 Nc6 20.Rc4 Rfd8 21.Qc2 Na5 22.Rc3
h5 23.h4 Qe7 24.Qe4 Qf6 25.Rfc1 Rab8 26.Kg2 g6 27.Rf3 Qb2 28.Rc7 Rf8 29.Ra7
Nb3 30.Qb4 Rxb5 31.Qxb5 Qd4 32.Raxf7 Rxf7 33.Qe8+ {#r} 1-0

[Event "ch-LAT 2017"]
[Site "Riga LAT"]
[Date "2017.04.30"]
[Round "1.16"]
[White "Horobrijs,Daniils"]
[Black "Kretainis,K"]
[Result "0-1"]
[WhiteElo "1826"]
[BlackElo "2246"]

1.e4 b6 2.d4 Bb7 3.Nc3 e6 4.Be3 Bb4 5.Bd3 f5 6.Qh5+ g6 7.Qf3 Nf6 8.Bg5 O-O
9.Bxf6 Qxf6 10.Ne2 fxe4 11.Qxf6 Rxf6 12.Bc4 d5 13.Bb3 c5 14.a3 Bxc3+ 15.Nxc3
cxd4 16.Nb5 Nc6 17.Nc7 Rd8 18.O-O-O d3 19.cxd3 Nd4 {#R} 0-1

[Event "ch-LAT 2017"]
[Site "Riga LAT"]
[Date "2017.04.30"]
[Round "1.17"]
[White "Tokranovs,Dmitrijs"]
[Black "Feldmanis,Arturs"]
[Result "1-0"]
[WhiteElo "2227"]
[BlackElo "1752"]

1.e4 c5 2.c3 Nf6 3.e5 Nd5 4.d4 e6 5.Nf3 Nc6 6.Bc4 Nb6 7.Bb3 c4 8.Bc2 d5 9.exd6
Bxd6 10.O-O h6 11.Qe2 Ne7 12.a4 a5 13.Nbd2 Qc7 14.Ne4 Bd7 15.Nxd6+ Qxd6 16.Ne5
Bc6 17.Bf4 Qd8 18.Nxc4 Qd5 19.Nd6+ {#r} 1-0

[Event "ch-SRB Junior 2017"]
[Site "Belgrade SRB"]
[Date "2017.04.30"]
[Round "4.1"]
[White "Radovanovic,Mihajlo"]
[Black "Djordjevic,Vu"]
[Result "0-1"]
[WhiteElo "2347"]
[BlackElo "2412"]

1.d4 Nf6 2.c4 e6 3.Nf3 d5 4.Nc3 Bb4 5.cxd5 exd5 6.Bg5 O-O 7.e3 c5 8.dxc5 Nbd7
9.Qd4 Qa5 10.Bd3 Bxc3+ 11.bxc3 Ne4 12.Bxe4 dxe4 13.Nd2 Nxc5 14.Be7 Nd3+ 15.Ke2
Re8 16.Qxe4 Ne5 17.Qb4 Qa6+ 18.c4 Nc6 {#R} 0-1

[Event "ch-SRB Junior 2017"]
[Site "Belgrade SRB"]
[Date "2017.04.30"]
[Round "4.2"]
[White "Stojiljkovic,Stefan"]
[Black "Sevkusic,Uros"]
[Result "1-0"]
[WhiteElo "2158"]
[BlackElo "1906"]

1.e4 c6 2.d4 d5 3.Nd2 dxe4 4.Nxe4 Nd7 5.Bd3 Ngf6 6.Ng5 e6 7.N1f3 Bd6 8.Qe2 h6
9.Ne4 Nxe4 10.Qxe4 Nf6 11.Qe2 b6 12.Bd2 Qc7 13.O-O-O Bb7 14.Rhe1 O-O-O 15.Ba6
Bf4 16.Bxf4 Qxf4+ 17.Kb1 Qc7 18.Ne5 Rhf8 19.Bxb7+ Kxb7 20.Qf3 Nd7 21.Nc4 b5
22.Nd2 Nb6 23.Nb3 Nd5 24.Nc5+ Ka8 25.g3 Nb6 26.h4 Nc4 27.Qg4 g6 28.h5 g5
29.Qf3 Qd6 30.Qf6 e5 31.Qxd6 Rxd6 32.b3 Nb6 33.dxe5 Rxd1+ 34.Rxd1 Nd5 35.Kb2
b4 36.a3 a5 37.axb4 axb4 38.Ra1+ Kb8 39.Nd7+ {#r} 1-0

[Event "ch-SRB Junior 2017"]
[Site "Belgrade SRB"]
[Date "2017.04.30"]
[Round "4.4"]
[White "Savic,Mihai"]
[Black "Ivic,Velimir"]
[Result "0-1"]
[WhiteElo "2206"]
[BlackElo "2354"]

1.e4 c5 2.Nf3 e6 3.d4 cxd4 4.Nxd4 Nf6 5.Nc3 d6 6.Be3 Be7 7.f3 h5 8.Qd2 a6
9.O-O-O b5 10.a3 Bb7 11.Kb1 Nbd7 12.g3 Rc8 13.Rg1 Nb6 14.h3 Nfd7 15.g4 hxg4
16.hxg4 Ne5 17.g5 g6 18.f4 Nec4 19.Bxc4 Nxc4 20.Qd3 Rh3 21.Rde1 e5 22.Rh1 Rxh1
23.Rxh1 Nxe3 24.Rh8+ Bf8 25.Ndxb5 axb5 26.fxe5 Nc4 27.Nxb5 dxe5 28.b3 Nd2+
29.Kb2 Qxd3 30.cxd3 Kd7 31.b4 Nf3 {#R} 0-1

[Event "Zonal 2.4 2017"]
[Site "Florianopolis BRA"]
[Date "2017.04.30"]
[Round "7.3"]
[White "Matsuura,E"]
[Black "Cruz,Cr"]
[Result "0-1"]
[WhiteElo "2481"]
[BlackElo "2557"]

1.e4 c5 2.Nf3 e6 3.d4 cxd4 4.Nxd4 Nc6 5.Nc3 Qc7 6.Be2 a6 7.O-O Nf6 8.Be3 Bb4
9.Na4 Be7 10.c4 Nxe4 11.c5 O-O 12.Rc1 Re8 13.g3 g6 14.f4 Rb8 15.Bf3 Nf6 16.Bg2
Nb4 17.f5 Nbd5 18.Bg5 Qd8 19.fxg6 hxg6 20.Nc3 b5 21.c6 Qb6 22.Bxd5 Nxd5
23.Nxd5 exd5 24.Re1 Bxg5 25.Rxe8+ Kg7 26.c7 Ra8 27.Rc3 Bf6 28.Rd3 Qxc7 29.Nf5+
gxf5 30.Qh5 Bb7 31.Qh8+ Kg6 32.Qg8+ Bg7 33.Rxa8 Bxa8 34.Qxa8 Qc1+ 35.Kg2 Qc2+
{#R} 0-1

[Event "Zonal 2.4 2017"]
[Site "Florianopolis BRA"]
[Date "2017.04.30"]
[Round "7.5"]
[White "Di Berardino,D"]
[Black "Leiva,G"]
[Result "0-1"]
[WhiteElo "2494"]
[BlackElo "2427"]

1.d4 Nf6 2.c4 e6 3.Nf3 Bb4+ 4.Bd2 c5 5.g3 Qb6 6.e3 O-O 7.Bg2 d5 8.O-O cxd4
9.Nxd4 dxc4 10.a4 e5 11.a5 Qc5 12.Bxb4 Qxb4 13.Nc2 Qe7 14.a6 e4 15.axb7 Bxb7
16.Nd2 Rc8 17.Na3 c3 18.bxc3 Rxc3 19.Qb1 Rd3 20.Nac4 Bd5 21.Rc1 Nc6 22.Bf1 Rb8
23.Bxd3 Rxb1 24.Bxb1 g5 25.Ra4 h5 26.Nb3 Qe6 27.Nbd2 Qh3 28.Nd6 Ng4 29.Nf1
Nce5 30.Rc8+ Kg7 31.Nf5+ Kf6 {#R} 0-1

[Event "Zonal 2.4 2017"]
[Site "Florianopolis BRA"]
[Date "2017.04.30"]
[Round "7.6"]
[White "Santiago,Y"]
[Black "Gauche,C"]
[Result "1-0"]
[WhiteElo "2453"]
[BlackElo "2197"]

1.d4 d5 2.c4 e6 3.Nf3 Nf6 4.Nc3 Bb4 5.Qa4+ Nc6 6.e3 O-O 7.Be2 Ne4 8.Qc2 f5
9.O-O Kh8 10.a3 Be7 11.b4 Bf6 12.Bb2 Ne7 13.a4 Bd7 14.b5 Be8 15.Ne5 Ng6
16.cxd5 exd5 17.Ba3 Rg8 18.Nxe4 Bxe5 19.Ng3 f4 20.dxe5 fxg3 21.hxg3 Nxe5
22.Rfd1 c6 23.e4 Bf7 24.Bb2 Qe8 25.exd5 Bxd5 26.Rd4 Qg6 27.Qd2 Rae8 28.Rh4 Qf7
29.Bd3 h5 30.Qg5 g6 31.Bxe5+ {#r} 1-0

[Event "Zonal 2.4 2017"]
[Site "Florianopolis BRA"]
[Date "2017.04.30"]
[Round "7.9"]
[White "Pereira,Si"]
[Black "Madeira,W"]
[Result "1-0"]
[WhiteElo "2269"]
[BlackElo "2189"]

1.e4 d6 2.d4 Nf6 3.Nc3 g6 4.Bc4 Bg7 5.e5 dxe5 6.dxe5 Qxd1+ 7.Nxd1 Ne4 8.Bf4 f6
9.Bd5 Nc5 10.Be3 Nba6 11.exf6 Bxf6 12.Nc3 Be6 13.O-O-O Bxc3 14.bxc3 O-O-O
15.Bxe6+ Nxe6 16.Re1 c5 17.Nf3 Nac7 18.c4 b6 19.Bd2 Rhf8 20.Re4 Rd6 21.Rhe1
Rf5 22.h4 Rf8 23.g3 Rfd8 24.Bc3 Nd4 25.Ng5 Nf5 26.Nf7 Nxg3 27.Rxe7 {#r} 1-0

[Event "Zonal 2.4 2017"]
[Site "Florianopolis BRA"]
[Date "2017.04.30"]
[Round "7.15"]
[White "Freitas,Remulo Aguiar"]
[Black "Miranda Neto,J"]
[Result "0-1"]
[WhiteElo "2174"]
[BlackElo "2111"]

1.e4 c6 2.Nc3 d5 3.Nf3 e6 4.d4 dxe4 5.Nxe4 Nf6 6.Nxf6+ Qxf6 7.Bg5 Qf5 8.Bd3
Qa5+ 9.Bd2 Qc7 10.O-O Be7 11.Ne5 Nd7 12.Qh5 Nxe5 13.dxe5 Bd7 14.b4 c5 15.bxc5
g6 16.Qe2 Bxc5 17.Bg5 Bd4 18.Bf6 Bxa1 19.Bxh8 Bc3 20.Bf6 a6 21.Rd1 b5 22.h4
Rc8 23.h5 Qc5 24.hxg6 hxg6 25.Be4 Rc7 26.Bf3 Bd4 27.Qe4 Bxf2+ 28.Kh2 Ra7
29.Qf4 Qe3 30.Qxe3 Bxe3 31.Rd3 Bc5 32.Bg5 Be7 33.Be3 Rc7 34.Be4 b4 35.Rd2 Bb5
36.Kg3 Rc3 37.Kf3 Rxe3+ {#R} 0-1

[Event "Zonal 2.4 2017"]
[Site "Florianopolis BRA"]
[Date "2017.04.30"]
[Round "7.17"]
[White "Menegotto,Giovanni Arnaldo Gazzola"]
[Black "Souza Neves,A"]
[Result "0-1"]
[WhiteElo "2085"]
[BlackElo "2163"]

1.e4 d5 2.exd5 Nf6 3.d4 Nxd5 4.c4 Nb6 5.Nf3 g6 6.h3 Bg7 7.Nc3 O-O 8.Be3 Nc6
9.Rc1 e5 10.d5 Ne7 11.Be2 Nf5 12.Bg5 f6 13.Bd2 Re8 14.c5 e4 15.Nh2 Nd7 16.b4
Nd4 17.O-O f5 18.Bc4 Ne5 19.Be3 Ndf3+ 20.Nxf3 exf3 21.Bb3 Qh4 22.d6+ Kh8
23.Qd4 Qh5 24.Bd1 g5 25.Nd5 f4 26.Bxf4 Bxh3 27.Bh2 Bxg2 28.Ne7 Ng4 29.Qxg7+
Kxg7 {#R} 0-1

[Event "Zonal 2.4 2017"]
[Site "Florianopolis BRA"]
[Date "2017.04.30"]
[Round "7.21"]
[White "Barreto Junior,Williem Silva"]
[Black "Pereira,Geanfrancesco"]
[Result "0-1"]
[WhiteElo "2195"]
[BlackElo "2036"]

1.d4 d5 2.c4 c6 3.Nc3 e6 4.e3 f5 5.f4 Nf6 6.Nf3 Be7 7.Ne5 O-O 8.Bd3 Ne4 9.O-O
Nd7 10.cxd5 exd5 11.Qb3 Ndf6 12.Bxe4 fxe4 13.Bd2 Qb6 14.Qc2 Ng4 15.Nxg4 Bxg4
16.h3 Bh5 17.Rac1 Qd8 18.Be1 Be8 19.Qb3 Qb6 20.Qc2 Bf7 21.Na4 Qd8 22.b4 Qc8
23.Qb3 b6 24.Qb2 Qd7 25.Qa3 Be6 26.Rf2 g5 27.Bd2 Kh8 28.Rcf1 gxf4 29.exf4 Bh4
30.Re2 Rg8 31.Kh1 Bf6 32.f5 Bxf5 33.Ref2 Qg7 34.g4 Bxg4 35.hxg4 Qxg4 36.Rh2
Bxd4 37.Bc3 Qg1+ {#R} 0-1

[Event "Zonal 2.4 2017"]
[Site "Florianopolis BRA"]
[Date "2017.04.30"]
[Round "7.27"]
[White "Andrade Fiaes,M"]
[Black "Jesus Filho,J"]
[Result "1-0"]
[WhiteElo "2154"]
[BlackElo "1909"]

1.e4 e5 2.Nf3 d5 3.exd5 e4 4.Qe2 f5 5.d3 Nf6 6.dxe4 fxe4 7.Nc3 Be7 8.Nxe4 O-O
9.Qc4 Bd6 10.Nxd6 cxd6 11.Be2 Nbd7 12.Be3 Nb6 13.Qb3 Bd7 14.a4 Kh8 15.c4 Ng4
16.a5 Nxe3 17.fxe3 Nc8 18.Qxb7 Ne7 19.Qb3 Rb8 20.Qc3 Qe8 21.O-O Nf5 22.Kf2 Ba4
23.b4 Bd7 24.Rae1 Rxb4 25.Bd3 Ra4 26.Bc2 Ra2 27.Kg1 Qd8 28.Bb1 Qxa5 29.Qxa5
Rxa5 30.Nd4 Ra1 31.Nxf5 Bxf5 32.e4 {#r} 1-0

[Event "Zonal 2.4 2017"]
[Site "Florianopolis BRA"]
[Date "2017.04.30"]
[Round "7.29"]
[White "Okamura,M"]
[Black "Boabaid,Jorge Alberto Duardes"]
[Result "1-0"]
[WhiteElo "2072"]
[BlackElo "1852"]

1.d4 Nf6 2.c4 e6 3.Nc3 d5 4.cxd5 exd5 5.Bg5 Nbd7 6.e3 c6 7.Bd3 Be7 8.Nge2 O-O
9.Qc2 Re8 10.O-O h6 11.Bh4 Ne4 12.Bxe7 Qxe7 13.Bxe4 dxe4 14.Ng3 Nf6 15.h3 Bd7
16.Rfd1 Qe6 17.a4 a5 18.Rab1 h5 19.b4 Bc8 20.b5 Bd7 21.Rb2 Rac8 22.Qb1 h4
23.Nge2 g5 24.Rbd2 Nd5 25.Nxd5 cxd5 26.Rc1 Qd6 27.Rdc2 Be6 28.Rc5 g4 29.hxg4
Bxg4 30.Nf4 Be6 31.Qb3 Red8 32.Qd1 Qe7 33.Qh5 Rxc5 34.Rxc5 h3 35.gxh3 b6
36.Rc6 Rd6 37.Qh6 Rxc6 38.bxc6 f6 39.Nh5 Kf7 40.Qg7+ Ke8 41.Nxf6+ {#r} 1-0

[Event "Zonal 2.4 2017"]
[Site "Florianopolis BRA"]
[Date "2017.04.30"]
[Round "7.30"]
[White "Sekula,Markley Ribas"]
[Black "Pessoa,Hudson Anselmo"]
[Result "1-0"]
[WhiteElo "2065"]
[BlackElo "1839"]

1.e4 g6 2.d4 Bg7 3.Nf3 d6 4.Nc3 a6 5.a3 Nf6 6.Be2 O-O 7.O-O Nbd7 8.e5 Ng4 9.e6
Ndf6 10.exf7+ Rxf7 11.h3 Nh6 12.Bg5 Rf8 13.Bc4+ Kh8 14.Qe2 Nf7 15.Be6 h6
16.Bd2 Bxe6 17.Qxe6 Qd7 18.Qxd7 Nxd7 19.Nd5 e5 20.Nxc7 Rac8 21.Ne6 Rfe8
22.Nxg7 Kxg7 23.dxe5 dxe5 24.Bc3 Kh7 25.Rfe1 Nb6 26.Nd2 Nd5 27.Ne4 Re6 28.Rad1
Nxc3 29.Nxc3 Rd8 30.Rxd8 Nxd8 31.Rd1 Nc6 32.Rd7+ Re7 33.Ne4 Kg7 34.Rxe7+ Nxe7
35.Nc5 b5 36.Nxa6 h5 37.Nc5 Nd5 38.Ne4 Kf7 39.Kf1 Kg7 40.Nc5 Nf4 {#r} 1-0

[Event "Zonal 2.4 2017"]
[Site "Florianopolis BRA"]
[Date "2017.04.30"]
[Round "7.33"]
[White "Do Prado,Hamilton Mesquita"]
[Black "Juliano,Joao Carlos Mazzini"]
[Result "0-1"]
[WhiteElo "1744"]
[BlackElo "1957"]

1.d4 Nf6 2.Bf4 e6 3.e3 c5 4.c3 Nc6 5.Nd2 d6 6.h3 Be7 7.Ngf3 b6 8.Be2 Bb7 9.O-O
O-O 10.Re1 Rc8 11.Rc1 Re8 12.Bb5 a6 13.Ba4 b5 14.Bc2 Nd7 15.Ne4 Nf8 16.dxc5
dxc5 17.Bd6 Qb6 18.Bxe7 Rxe7 19.Neg5 h6 20.Ne4 Rd8 21.Qe2 {#R} 0-1

[Event "Zonal 2.4 2017"]
[Site "Florianopolis BRA"]
[Date "2017.04.30"]
[Round "7.34"]
[White "Dos Santos,H"]
[Black "Ribeiro,Allysson"]
[Result "1-0"]
[WhiteElo "2209"]
[BlackElo "1839"]

1.d4 d5 2.Nf3 c5 3.c3 Nf6 4.dxc5 Nc6 5.b4 e5 6.b5 e4 7.Nd4 Nxd4 8.Qxd4 Be7
9.a4 Be6 10.Ba3 O-O 11.Nd2 Nd7 12.Nb3 Bf6 13.Qd2 Qc7 14.e3 Rfc8 15.Be2 Qe5
16.O-O Qg5 17.f4 exf3 18.Bxf3 Ne5 19.Bxd5 Rd8 20.e4 Bxd5 21.Qxg5 Bxg5 22.exd5
Rxd5 23.Rf5 Be3+ 24.Kf1 f6 25.Ke2 Bh6 26.Nd4 Re8 27.Kf1 Kf7 28.h3 g6 29.Rf2
Nd3 30.Re2 Rxe2 31.Kxe2 Nxc5 32.Bxc5 Rxc5 33.Kd3 Bf8 34.a5 Bd6 35.a6 b6 36.Nc6
Be5 37.Ra3 Rd5+ 38.Ke4 Rd7 39.c4 Ke6 40.Rd3 f5+ 41.Ke3 Bd6 42.Kf3 {#r} 1-0

[Event "Zonal 2.4 2017"]
[Site "Florianopolis BRA"]
[Date "2017.04.30"]
[Round "7.35"]
[White "Januario,S"]
[Black "Cordioli,Jairo Ribeiro"]
[Result "1-0"]
[WhiteElo "2196"]
[BlackElo "1899"]

1.Nf3 Nf6 2.g3 g6 3.b3 Bg7 4.Bb2 O-O 5.Bg2 d5 6.O-O c6 7.c4 Nbd7 8.d3 Re8
9.Na3 a6 10.Nc2 e5 11.Re1 b6 12.cxd5 cxd5 13.e4 d4 14.Rc1 Bb7 15.Na3 b5 16.Re2
Bh6 17.Rcc2 Qb6 18.Bc1 Bg7 19.Bh3 h6 20.Bd2 Qd6 21.Qc1 Kh7 22.Ba5 Bf8 23.Nb1
Rac8 24.Bc7 Qe7 25.a3 h5 26.Nxe5 Nxe5 27.Bxc8 Rxc8 28.Bxe5 Rxc2 29.Rxc2 Qxe5
30.Rc7 Bd5 31.exd5 Qxd5 32.Qc6 Kg7 33.Qxd5 Nxd5 34.Rc6 Nc3 35.Nxc3 dxc3
36.Rxc3 Bxa3 37.Rc6 a5 38.Rb6 Bb4 39.Rxb5 Kf6 40.Kg2 {#r} 1-0

[Event "Zonal 2.4 2017"]
[Site "Florianopolis BRA"]
[Date "2017.04.30"]
[Round "7.37"]
[White "Cezar,Ricardo De Almeida"]
[Black "Cunha,Adriano de Jesus Silva"]
[Result "1-0"]
[WhiteElo "1497"]
[BlackElo "1995"]

1.d4 Nf6 2.Bf4 d5 3.e3 c5 4.c3 Nc6 5.Nd2 e6 6.Ngf3 Bd6 7.Bg3 O-O 8.Bd3 b6 9.e4
dxe4 10.Nxe4 Nxe4 11.Bxe4 Bb7 12.dxc5 Bxc5 13.Qc2 h6 14.b4 Be7 15.b5 Na5 16.a3
Qc8 17.Bxb7 Qxb7 18.O-O Rac8 19.Rfd1 Bf6 20.Rd3 Nc4 21.a4 e5 22.Rad1 Rc7
23.Nd2 Nxd2 24.Qxd2 Qe4 25.Qe3 Qxa4 26.Bxe5 Re8 27.Qf4 Rc4 28.Qf5 Bxe5 29.Rd8
Bxh2+ 30.Kxh2 Re4 31.R8d4 Qc2 {#r} 1-0

[Event "Zonal 2.4 2017"]
[Site "Florianopolis BRA"]
[Date "2017.04.30"]
[Round "7.38"]
[White "Farias,Edilsom"]
[Black "Cella,G"]
[Result "0-1"]
[WhiteElo "1845"]
[BlackElo "1988"]

1.d4 Nf6 2.c4 d6 3.Nf3 g6 4.g3 Bg7 5.Bg2 O-O 6.O-O Nbd7 7.Nc3 e5 8.e4 exd4
9.Nxd4 Nc5 10.h3 Re8 11.Re1 a6 12.Rb1 Rb8 13.b4 Ne6 14.Be3 Nd7 15.Rc1 Nxd4
16.Bxd4 Bxd4 17.Qxd4 Ne5 18.Qd1 Nxc4 19.Nd5 b5 20.Qd4 Re6 21.Nf4 Re7 22.Nd5
Re6 23.Nf4 Re5 24.Nd5 c6 25.f4 Re6 26.Nc3 a5 27.bxa5 Qxa5 28.Re2 Qb6 29.Qf2
Bb7 30.Kh2 Qxf2 31.Rxf2 {#R} 0-1

[Event "Zonal 2.4 2017"]
[Site "Florianopolis BRA"]
[Date "2017.04.30"]
[Round "7.39"]
[White "Pereira,Armando Scharlau"]
[Black "Baeta,M"]
[Result "0-1"]
[WhiteElo "1725"]
[BlackElo "1968"]

1.d4 Nf6 2.Bf4 c5 3.e3 d5 4.c3 Nc6 5.Nf3 Bg4 6.Be2 e6 7.O-O Be7 8.Nbd2 O-O
9.Ne5 Bxe2 10.Qxe2 Nd7 11.Ndf3 f6 12.Nxc6 bxc6 13.Rfd1 g5 14.Bg3 g4 15.Nd2 f5
16.c4 h5 17.Bf4 Bf6 18.Bd6 Rf7 19.dxc5 Bxb2 20.cxd5 cxd5 21.Rab1 Be5 22.Qa6
Qc8 23.Qb5 Bxd6 24.cxd6 Rb8 25.Qa4 Rxb1 26.Rxb1 Nb6 27.Qf4 Qd8 28.Rc1 Qf6
29.Rc7 Nc4 30.Nb3 e5 {#R} 0-1